000 00791nam a22002055i 4500
001 169145
003 ES-MaACL
005 20250911063602.0
008 080819s1879 sp |||| | spa d
080 _a94(460.15)
080 _a39(460.15)
100 1 _aVelasco, Ladislao de,
_d1817-1891
_9133600
245 1 4 _aLos euskaros en Alava, Guipúzcoa y Vizcaya
_b: sus orígenes, historia, lengua, leyes, costumbres y tradiciones /
_cpor Ladislao de Velasco y Fernández de la Cuesta.
260 _aBarcelona :
_bImpr. de Oliveres,
_c1879.
300 _a557 p., [11] h. de lám., [1] h. pleg. de map. ;
_c21 cm.
651 4 _aPaís Vasco-
_xHistoria.
_99152
651 4 _aPaís Vasco-
_xUsos y costumbres.
_99162
852 _aES-MaACL
_jF-11502
_9R.143614
999 _c169145
_d169145